Οι Πιο Πολυπληθείς Σύγχρονες Χώρες ανά Αιώνα - Statistics

General Stats
  • This quiz has been taken 21 times
  • The average score is 16 of 19
Answer Stats
Χώρα % Correct
Βραζιλία
100%
Κίνα
100%
Ινδία
100%
Ρωσία
100%
Γαλλία
94%
Ινδονησία
94%
Ιταλία
94%
Ιαπωνία
94%
Τουρκία
94%
Ηνωμένες Πολιτείες
94%
Γερμανία
88%
Ισπανία
88%
Αίγυπτος
82%
Πακιστάν
82%
Ηνωμένο Βασίλειο
82%
Ιράν
76%
Μεξικό
47%
Νιγηρία
47%
Μπανγκλαντές
41%
No matching quizzes found
Score Distribution
Percent of People with Each Score
Percentile by Number Answered
Your Score History
You have not taken this quiz